[Event "KEM Mitte 2017"]
[Site "?"]
[Date "2017.01.07"]
[Round "4.5"]
[White "Leis, Stefan"]
[Black "Dyroff, Roland"]
[Result "1-0"]
[WhiteElo "1967"]
[BlackElo "1806"]
[PlyCount "67"]
[EventDate "2017.??.??"]
[WhiteTeam "SC Mühlhof-Reichelsdorf"]
[BlackTeam "SW Nürnberg Süd"]

1. e4 c5 2. Nf3 Nc6 3. Bb5 g6 4. Bxc6 bxc6 5. O-O Nf6 6. e5 Nd5 7. c4 Nc7 8. d4
cxd4 9. Qxd4 Bg7 10. Re1 Bb7 11. Qh4 c5 12. Nbd2 Ne6 13. Ne4 h6 14. Bd2 Qc7 15.
Rad1 Bxe4 16. Qxe4 O-O-O 17. Re3 Qc6 18. Ba5 Qxe4 19. Rxe4 Rde8 20. Re3 Nd4 21.
Nxd4 cxd4 22. Rxd4 d6 23. f4 g5 24. g3 Rhg8 25. Kf1 gxf4 26. gxf4 h5 27. Rd5
dxe5 28. fxe5 Bh6 29. Rf3 Rg4 30. c5 Reg8 31. Ke2 Ra4 32. c6 Rxa2 33. Rb3 e6
34. Rdb5 1-0

[Event "KEM Mitte 2017"]
[Site "?"]
[Date "2017.01.07"]
[Round "4.6"]
[White "Diebel, Günter"]
[Black "Bildt, Maximilian"]
[Result "0-1"]
[WhiteElo "1874"]
[BlackElo "2045"]
[PlyCount "76"]
[EventDate "2017.??.??"]
[WhiteTeam "SW Nürnberg Süd"]
[BlackTeam "SK Zirndorf"]

1. e4 c5 2. Nf3 d6 3. Nc3 Nf6 4. Bc4 a6 5. Ng5 e6 6. O-O b5 7. Be2 h6 8. Nf3 b4
9. Nb1 Nxe4 10. d4 Be7 11. d5 O-O 12. c4 bxc3 13. Nxc3 Nf6 14. Re1 e5 15. Be3
Bf5 16. h3 Bh7 17. Kh2 Nbd7 18. g4 Ne4 19. Nxe4 Bxe4 20. Rg1 Nb6 21. g5 h5 22.
g6 Nxd5 23. gxf7+ Rxf7 24. Rg3 Nxe3 25. fxe3 h4 26. Rg4 d5 27. Nd2 Bf5 28. Rg2
e4 29. Bg4 Bd6+ 30. Kh1 Qd7 31. Qe1 Bg3 32. Qe2 Bxg4 33. hxg4 Raf8 34. Rf1
Rxf1+ 35. Nxf1 Rf3 36. Nh2 Bxh2 37. Kxh2 Qd6+ 38. Kg1 h3 0-1

[Event "KEM Mitte 2017"]
[Site "?"]
[Date "2017.01.07"]
[Round "4.7"]
[White "Meyer, Robert"]
[Black "Bachhuber, Dominik"]
[Result "0-1"]
[WhiteElo "1731"]
[BlackElo "1909"]
[PlyCount "50"]
[EventDate "2017.??.??"]
[WhiteTeam "SC Stein"]
[BlackTeam "SC JÄKLECHEMIE"]

1. d4 Nf6 2. Nf3 e6 3. e3 d5 4. c4 Nbd7 5. Bd3 c5 6. Nc3 Be7 7. O-O O-O 8. cxd5
exd5 9. dxc5 Nxc5 10. Be2 Bf5 11. Nd4 Bg6 12. b4 Nce4 13. Nxe4 Nxe4 14. Bd2 Qb6
15. a3 Bf6 16. Be1 Rac8 17. f3 Nc3 18. Bxc3 Rxc3 19. Qd2 Rxe3 20. Rad1 Bxd4 21.
Qxd4 Qxd4 22. Rxd4 Rxe2 23. Rxd5 Rfe8 24. Rfd1 Kf8 25. Rd7 R2e7 0-1

[Event "KEM Mitte 2017"]
[Site "?"]
[Date "2017.01.07"]
[Round "4.8"]
[White "Paul, Arthur"]
[Black "Neumann, Robert"]
[Result "0-1"]
[WhiteElo "1380"]
[BlackElo "1912"]
[PlyCount "68"]
[EventDate "2017.??.??"]
[WhiteTeam "SW Nürnberg Süd"]
[BlackTeam "SC Noris-Tarrasch Nürnberg"]

1. e4 c5 2. Nf3 Nc6 3. d3 g6 4. c3 Bg7 5. Nbd2 d5 6. g3 e5 7. Bg2 Nf6 8. O-O
O-O 9. Re1 Re8 10. exd5 Nxd5 11. Nf1 h6 12. Ne3 Be6 13. Nc4 f6 14. h3 Qd7 15.
Kh2 Rad8 16. Bf1 b5 17. Ne3 f5 18. Nxd5 Qxd5 19. Qe2 Bf7 20. Nd2 Na5 21. Nb3
Nxb3 22. axb3 e4 23. Qd1 exd3 24. Rxe8+ Bxe8 25. Bd2 Bc6 26. f3 Rd7 27. Bg2 Re7
28. Kg1 c4 29. bxc4 bxc4 30. Qf1 Re2 31. Rd1 Bf8 32. Bc1 Bc5+ 33. Kh1 Rf2 34.
Qe1 Rxg2 0-1

[Event "KEM Mitte 2017"]
[Site "?"]
[Date "2017.01.07"]
[Round "4.9"]
[White "Walch, Roger"]
[Black "Süß, Helmut"]
[Result "0-1"]
[WhiteElo "1701"]
[BlackElo "1921"]
[PlyCount "60"]
[EventDate "2017.??.??"]
[WhiteTeam "SW Nürnberg Süd"]
[BlackTeam "SC Noris-Tarrasch Nürnberg"]

1. e4 c6 2. d4 d5 3. e5 Bf5 4. Nf3 e6 5. Be2 h6 6. O-O c5 7. c4 Nc6 8. Qa4 Qa5
9. Qxa5 Nxa5 10. cxd5 exd5 11. Nc3 O-O-O 12. Be3 Nc6 13. Rfd1 c4 14. a3 Na5 15.
Nd2 g5 16. g4 Be6 17. Rac1 Kb8 18. f4 gxf4 19. Bxf4 Ne7 20. Bf3 Ng6 21. Bg3 Be7
22. Rb1 Bg5 23. Nb5 Nh4 24. Kf2 Rd7 25. b3 Bxd2 26. Rxd2 Nxf3 27. Kxf3 Nxb3 28.
Rdd1 h5 29. h3 hxg4+ 30. hxg4 Rc8 0-1

[Event "KEM Mitte 2017"]
[Site "?"]
[Date "2017.01.07"]
[Round "4.10"]
[White "Thürauf, Peter"]
[Black "Leuschner, Günter"]
[Result "1-0"]
[WhiteElo "1842"]
[BlackElo "1923"]
[PlyCount "81"]
[EventDate "2017.??.??"]
[WhiteTeam "SW Nürnberg Süd"]
[BlackTeam "SW Nürnberg Süd"]

1. d4 Nf6 2. Nf3 d6 3. c4 Nbd7 4. Bf4 Nh5 5. Bg5 Nhf6 6. Bxf6 Nxf6 7. Nc3 Bf5
8. e3 c6 9. Bd3 Qd7 10. e4 Bg6 11. O-O Rd8 12. Qa4 c5 13. Qxa7 cxd4 14. Qxd4 e5
15. Qb6 Qe6 16. Qe3 Be7 17. Nd5 Nxd5 18. cxd5 Qd7 19. a4 O-O 20. Bb5 Qg4 21.
Bd3 f5 22. h3 Qh5 23. exf5 Bxf5 24. Bxf5 Qxf5 25. Rfe1 Ra8 26. Qe4 Qd7 27. b3
Rf4 28. Qe3 Raf8 29. Ra2 Qf5 30. Rd1 Bd8 31. a5 e4 32. Nh2 Bh4 33. g3 Rf3 34.
Nxf3 Qh5 35. Qxe4 Rxf3 36. Qe6+ Kf8 37. Qxd6+ Kg8 38. Qe6+ Kf8 39. Rc1 Bd8 40.
Rc8 Qg5 41. Qd6+ 1-0

[Event "KEM Mitte 2017"]
[Site "?"]
[Date "2017.01.07"]
[Round "4.11"]
[White "Huber, Dominik"]
[Black "Rummel, Gerald"]
[Result "0-1"]
[WhiteElo "1156"]
[BlackElo "1772"]
[PlyCount "48"]
[EventDate "2017.??.??"]
[WhiteTeam "SC Noris-Tarrasch Nürnberg"]
[BlackTeam "SC Anderssen"]

1. e4 c5 2. Nf3 e6 3. d4 cxd4 4. Nxd4 Nc6 5. Nc3 Qc7 6. Be3 a6 7. Be2 Nf6 8.
Qd2 Bb4 9. a3 Nxe4 10. Qd3 Bxc3+ 11. bxc3 d5 12. c4 Ne5 13. Qb3 Nxc4 14. Bxc4
Qxc4 15. Qb2 e5 16. Nf3 Nc3 17. Ng1 O-O 18. Bd2 d4 19. Qb4 Qd5 20. Nf3 Ne4 21.
Bc1 Bg4 22. Nd2 Nxd2 23. Bxd2 Qxg2 24. Rf1 Qe4+ 0-1

[Event "KEM Mitte 2017"]
[Site "?"]
[Date "2017.01.07"]
[Round "4.12"]
[White "Berntgen, Henri"]
[Black "Dietrich, Thomas"]
[Result "1/2-1/2"]
[WhiteElo "1537"]
[BlackElo "1610"]
[PlyCount "46"]
[EventDate "2017.??.??"]
[WhiteTeam "SW Nürnberg Süd"]
[BlackTeam "SC Anderssen"]

1. b4 d5 2. e3 Bf5 3. Bb2 Nf6 4. Nf3 e6 5. a3 Bd6 6. c4 c6 7. h3 Nbd7 8. Nh4
Bg6 9. Nxg6 fxg6 10. Nc3 O-O 11. Qb3 Be5 12. O-O-O d4 13. exd4 Bxd4 14. c5 Nd5
15. f3 a5 16. Ne4 Bxb2+ 17. Kxb2 b6 18. d4 axb4 19. axb4 bxc5 20. dxc5 Qe7 21.
Rd4 N7f6 22. Bc4 Rab8 23. Bxd5 Nxd5 1/2-1/2

[Event "KEM Mitte 2017"]
[Site "?"]
[Date "2017.01.07"]
[Round "4.13"]
[White "Rausch, Wolfgang sr"]
[Black "Albayrak, Aylin"]
[Result "1/2-1/2"]
[WhiteElo "1880"]
[BlackElo "1668"]
[PlyCount "115"]
[EventDate "2017.??.??"]
[WhiteTeam "SW Nürnberg Süd"]
[BlackTeam "Zabo-Eintracht Nürnberg"]

1. c4 Nf6 2. Nf3 d5 3. b3 c5 4. cxd5 Nxd5 5. d4 Nc6 6. e4 Nf6 7. d5 Nb4 8. a3
Qa5 9. Bd2 Nxe4 10. Bxb4 cxb4 11. a4 Nc3 12. Qd4 Qxd5 13. Bb5+ Kd8 14. Qxd5+
Nxd5 15. Ne5 Be6 16. O-O a6 17. Bc4 Ke8 18. Re1 g6 19. Nd2 Bg7 20. Ndf3 Nf4 21.
Bf1 Rc8 22. Re4 Nd5 23. Rae1 Bf6 24. g4 g5 25. Nd4 Nc3 26. R4e3 Bd5 27. Bd3 h5
28. gxh5 Rxh5 29. Bf5 Rc7 30. Bc2 g4 31. Bf5 Rg5 32. Rg3 Bxb3 33. f4 Bxe5 34.
Rxe5 Rxf5 35. Rxf5 Bxa4 36. Rxg4 Bd1 37. Rg2 b3 38. h4 Ne4 39. Rg8+ Kd7 40. Rg2
Rc1 41. Kh2 Bc2 42. Rd5+ Nd6 43. Nxc2 Rxc2 44. Rd3 Rxg2+ 45. Kxg2 b2 46. Rb3
Ke6 47. Rxb2 Kf5 48. Kf3 Kg6 49. Re2 e6 50. Rd2 Nc4 51. Rd7 b5 52. h5+ Kxh5 53.
Rxf7 Kg6 54. Ra7 a5 55. Ke4 Kf6 56. Ra6 Nd2+ 57. Kd3 Nc4 58. Ke4 1/2-1/2

[Event "KEM Mitte 2017"]
[Site "?"]
[Date "2017.01.07"]
[Round "4.14"]
[White "Babichev, Vyacheslav"]
[Black "Albayrak, Nese Pinar"]
[Result "1-0"]
[WhiteElo "1863"]
[BlackElo "1095"]
[PlyCount "101"]
[EventDate "2017.??.??"]
[WhiteTeam "SW Nürnberg Süd"]
[BlackTeam "Zabo-Eintracht Nürnberg"]

1. c4 e5 2. Nc3 Nf6 3. d3 Nc6 4. Nf3 h6 5. g3 Bc5 6. Bg2 O-O 7. O-O d6 8. Na4
Bd4 9. e3 Bb6 10. Nxb6 axb6 11. Nd2 Re8 12. a3 Be6 13. Nb1 d5 14. b3 e4 15.
dxe4 Nxe4 16. f3 Nf6 17. Nd2 d4 18. e4 d3 19. Bb2 Nd4 20. Qb1 Nc6 21. Rd1 Na5
22. Nf1 d2 23. Rxd2 Qe7 24. Rd3 Red8 25. Ne3 Rxd3 26. Qxd3 Rd8 27. Qc3 Nc6 28.
Nd5 Qc5+ 29. Kh1 Bxd5 30. exd5 Ne7 31. b4 Qd6 32. Rd1 c6 33. c5 bxc5 34. bxc5
Qd7 35. d6 Nf5 36. Qa5 Ne3 37. Bxf6 gxf6 38. Rd4 f5 39. Bh3 Re8 40. Qc7 Qe6 41.
d7 Nd5 42. dxe8=Q+ Qxe8 43. Qa5 Qe3 44. Qd2 Qxf3+ 45. Bg2 Qxa3 46. Bxd5 cxd5
47. Rxd5 Qf3+ 48. Kg1 Kg7 49. Qd4+ Kg6 50. Rd6+ Kg5 51. Qh4# 1-0

[Event "KEM Mitte 2017"]
[Site "?"]
[Date "2017.01.07"]
[Round "4.15"]
[White "Pörzgen, Michael"]
[Black "Denninger, David"]
[Result "1-0"]
[WhiteElo "1658"]
[BlackElo "1530"]
[PlyCount "69"]
[EventDate "2017.??.??"]
[WhiteTeam "SW Nürnberg Süd"]
[BlackTeam "TSV Cadolzburg"]

1. e4 e5 2. Nf3 Nc6 3. Bb5 Bc5 4. O-O Nd4 5. Nxd4 Bxd4 6. c3 Bb6 7. d4 c6 8.
Ba4 d5 9. exd5 Qxd5 10. Bb3 Qd8 11. Qh5 Qe7 12. Re1 e4 13. Bg5 Nf6 14. Bxf6
gxf6 15. Nd2 f5 16. f3 e3 17. f4 Be6 18. Rxe3 O-O-O 19. Rae1 Qd7 20. Rxe6 Bxd4+
21. Kh1 Bxc3 22. bxc3 Qxd2 23. Qxf7 Rhg8 24. R6e2 Qxf4 25. Be6+ Kb8 26. Qxf5
Rgf8 27. Qxf4+ Rxf4 28. h3 Rdf8 29. Bg4 h6 30. Re8+ Kc7 31. R8e7+ Kb6 32. Rb1+
Ka6 33. Be2+ b5 34. Re6 R4f6 35. Bxb5+ 1-0

[Event "KEM Mitte 2017"]
[Site "?"]
[Date "2017.01.07"]
[Round "4.16"]
[White "Hahn, Thomas"]
[Black "Mantel, Hubert"]
[Result "1/2-1/2"]
[WhiteElo "1647"]
[BlackElo "1761"]
[PlyCount "52"]
[EventDate "2017.??.??"]
[WhiteTeam "Zabo-Eintracht Nürnberg"]
[BlackTeam "Zabo-Eintracht Nürnberg"]

1. e4 e6 2. d4 d5 3. exd5 exd5 4. Bd3 Bd6 5. Nf3 Nc6 6. c3 Nge7 7. Bg5 f6 8.
Bh4 Bg4 9. Nbd2 Qd7 10. O-O O-O-O 11. b4 Rdg8 12. b5 Nd8 13. c4 g5 14. Bg3 h5
15. c5 Bf4 16. c6 Qd6 17. cxb7+ Kb8 18. Qc2 h4 19. Bxf4 gxf4 20. Kh1 Nf7 21. h3
Bh5 22. Rac1 Ng5 23. Rfe1 Nxf3 24. Nxf3 Kxb7 25. a4 Qd7 26. Rxe7 Qxh3+ 1/2-1/2

[Event "KEM Mitte 2017"]
[Site "?"]
[Date "2017.01.07"]
[Round "4.18"]
[White "Thoma, Dirk"]
[Black "Dippel, Jörg"]
[Result "0-1"]
[WhiteElo "1642"]
[BlackElo "1805"]
[PlyCount "58"]
[EventDate "2017.??.??"]
[WhiteTeam "SC Noris-Tarrasch Nürnberg"]
[BlackTeam "SC Anderssen"]

1. d4 d5 2. c4 e6 3. Nc3 c6 4. Nf3 Nf6 5. Bg5 Be7 6. e3 O-O 7. Bd3 Nbd7 8. O-O
dxc4 9. Bxc4 Re8 10. a3 h6 11. Bh4 Nf8 12. h3 Ng6 13. Bg3 Bf8 14. Ne5 Ne7 15.
Rc1 Ned5 16. Bd3 Nd7 17. Nxf7 Kxf7 18. Qh5+ Kg8 19. Bg6 N7f6 20. Bf7+ Kh8 21.
Qg6 Re7 22. e4 Nxc3 23. bxc3 Qd7 24. d5 Rxf7 25. dxc6 Qe8 26. e5 Re7 27. Qd3
Ng8 28. c7 Rxc7 29. f4 Ne7 0-1

[Event "KEM Mitte 2017"]
[Site "?"]
[Date "2017.01.07"]
[Round "4.19"]
[White "Llugiq, Bajram"]
[Black "Lingl, Peter"]
[Result "1-0"]
[WhiteElo "1827"]
[BlackElo "1661"]
[PlyCount "63"]
[EventDate "2017.??.??"]
[WhiteTeam "SW Nürnberg Süd"]
[BlackTeam "SC JÄKLECHEMIE"]

1. d4 c5 2. c3 cxd4 3. cxd4 g6 4. Nf3 Bg7 5. Nc3 b6 6. Bf4 Bb7 7. e3 Nf6 8. Bd3
O-O 9. O-O d6 10. e4 Nbd7 11. Re1 Nh5 12. Be3 Rc8 13. Qd2 e6 14. Rac1 a6 15.
Qe2 b5 16. Nd2 f5 17. exf5 exf5 18. f3 Re8 19. Qd1 f4 20. Bf2 Rf8 21. Ncb1 g5
22. Qb3+ Kh8 23. a4 Qb6 24. Qb4 d5 25. a5 Qd8 26. Nb3 Rf6 27. Rxc8 Qxc8 28. Qe7
Nf8 29. Re5 Re6 30. Rxe6 Nxe6 31. Bf5 Nf6 32. Qxe6 1-0

[Event "KEM Mitte 2017"]
[Site "?"]
[Date "2017.01.07"]
[Round "4.21"]
[White "Hummady, Pascha"]
[Black "Nüßlein, Christian"]
[Result "0-1"]
[WhiteElo "786"]
[BlackElo "1929"]
[PlyCount "36"]
[EventDate "2017.??.??"]
[WhiteTeam "SC Noris-Tarrasch Nürnberg"]
[BlackTeam "SGem Nürnberg"]

1. e4 Nf6 2. Nc3 d5 3. exd5 Nxd5 4. Nge2 Bg4 5. f3 Bh5 6. d4 e6 7. a3 Bd6 8.
Qd3 Nd7 9. Bd2 c6 10. Nxd5 cxd5 11. O-O-O Rc8 12. Nc3 O-O 13. Be2 Qe7 14. Rhg1
Nb6 15. g3 Nc4 16. Bf1 Bxa3 17. bxa3 Qxa3+ 18. Kb1 Qb2# 0-1

[Event "KEM Mitte 2017"]
[Site "?"]
[Date "2017.01.07"]
[Round "4.22"]
[White "Weißmann, Peter"]
[Black "Barnowski, Roman"]
[Result "1-0"]
[WhiteElo "1737"]
[BlackElo "1424"]
[PlyCount "69"]
[EventDate "2017.??.??"]
[WhiteTeam "SK Zirndorf"]
[BlackTeam "SW Nürnberg Süd"]

1. e4 d5 2. exd5 Nf6 3. d4 Nxd5 4. Nf3 Bg4 5. Be2 e6 6. O-O Be7 7. c4 Nb6 8.
Nc3 O-O 9. h3 Bh5 10. b3 c6 11. Be3 N8d7 12. Ne4 Nf6 13. Ng3 h6 14. Nxh5 Nxh5
15. Ne5 Nf6 16. f4 Nbd7 17. Qc2 Nxe5 18. dxe5 Nd7 19. Rad1 Qe8 20. c5 f5 21.
Qc4 Kh8 22. b4 Bh4 23. Rd6 Qf7 24. Qxe6 Rad8 25. Qxf7 Rxf7 26. e6 Re7 27. Rfd1
Ree8 28. Bh5 Nf8 29. Bxe8 Rxe8 30. Bf2 Be7 31. R6d3 Nxe6 32. g3 g5 33. Re1 gxf4
34. Rxe6 fxg3 35. Bd4+ 1-0

[Event "KEM Mitte 2017"]
[Site "?"]
[Date "2017.01.07"]
[Round "4.23"]
[White "Münzenberg, Dietrich"]
[Black "Possart, Dennis"]
[Result "1-0"]
[WhiteElo "1688"]
[BlackElo "1252"]
[PlyCount "53"]
[EventDate "2017.??.??"]
[WhiteTeam "Zabo-Eintracht Nürnberg"]
[BlackTeam "SC Noris-Tarrasch Nürnberg"]

1. d4 g6 2. e4 Bg7 3. Bc4 d6 4. Ne2 Nd7 5. f4 e6 6. O-O a6 7. a4 Ne7 8. c3 b6
9. Be3 Bb7 10. Nd2 c5 11. Qb3 O-O 12. Bd3 Re8 13. Rae1 Rc8 14. Qa2 Qc7 15. Bf2
Qc6 16. b4 b5 17. axb5 axb5 18. Rc1 c4 19. Bb1 d5 20. Ng3 f6 21. f5 Bh6 22.
Rce1 exf5 23. exf5 Kf7 24. fxg6+ hxg6 25. Nf3 f5 26. Qc2 Nf6 27. Ne5+ 1-0

[Event "KEM Mitte 2017"]
[Site "?"]
[Date "2017.01.07"]
[Round "4.25"]
[White "Berntgen, Michael"]
[Black "Hauck, Martin"]
[Result "1-0"]
[WhiteElo "1637"]
[BlackElo "1488"]
[PlyCount "123"]
[EventDate "2017.??.??"]
[WhiteTeam "SW Nürnberg Süd"]
[BlackTeam "SC Noris-Tarrasch Nürnberg"]

1. e4 d5 2. exd5 Qxd5 3. Nc3 Qd8 4. d4 e6 5. Nf3 Bd6 6. Bc4 Nf6 7. Bg5 O-O 8.
O-O Nbd7 9. Re1 c6 10. Ne4 Be7 11. Ned2 b5 12. Bd3 Bb7 13. c3 a6 14. b4 Nd5 15.
Bxe7 Qxe7 16. Qc2 N7f6 17. Ne4 Nxe4 18. Bxe4 Nf6 19. Bd3 a5 20. a3 g6 21. Ne5
Nd7 22. Nf3 Nb6 23. Nd2 a4 24. Ne4 Nd7 25. Qd2 Rad8 26. Qh6 Nf6 27. Ng5 Bc8 28.
Re3 Rd5 29. Re5 Rfd8 30. Be4 Qf8 31. Qxf8+ Kxf8 32. Bxd5 cxd5 33. Rae1 Rd6 34.
R5e3 Kg7 35. Rh3 h6 36. Nf3 Ne4 37. Rc1 Rc6 38. Ne1 Ng5 39. Re3 Kf6 40. Nd3 Ne4
41. Rf3+ Ke7 42. Rxf7+ Kd6 43. Nc5 h5 44. Rc2 e5 45. dxe5+ Kxe5 46. f4+ Kd6 47.
Nxe4+ dxe4 48. Rf6+ Kc7 49. Rxc6+ Kxc6 50. c4 Bf5 51. cxb5+ Kxb5 52. Rc5+ Kb6
53. Re5 Kc6 54. Kf2 Kd6 55. Ke3 Kc6 56. h3 h4 57. Kd4 Kd6 58. Rc5 Ke6 59. b5
Kd6 60. b6 Bc8 61. Rxc8 Kd7 62. b7 1-0

[Event "KEM Mitte 2017"]
[Site "?"]
[Date "2017.01.07"]
[Round "4.26"]
[White "Müller, Ludwig"]
[Black "Hamazaspyan, Seryozka"]
[Result "1-0"]
[WhiteElo "1781"]
[BlackElo "1237"]
[PlyCount "81"]
[EventDate "2017.??.??"]
[WhiteTeam "SGem Nürnberg"]
[BlackTeam "SC Noris-Tarrasch Nürnberg"]

1. Nf3 d5 2. b3 Nc6 3. Bb2 f6 4. d4 Bf5 5. a3 Be4 6. e3 Bxf3 7. Qxf3 e5 8. Bb5
e4 9. Qg4 Nge7 10. O-O f5 11. Bxc6+ bxc6 12. Qe2 Ng6 13. Nd2 Bd6 14. g3 O-O 15.
f3 f4 16. exf4 Bxf4 17. fxe4 Bxd2 18. Qxd2 dxe4 19. a4 Rxf1+ 20. Rxf1 c5 21.
Qe3 Qd5 22. dxc5 c6 23. Qd4 Qxd4+ 24. Bxd4 Rf8 25. Rxf8+ Nxf8 26. Kf2 Nd7 27.
Ke3 Nf6 28. Bxf6 gxf6 29. Kxe4 Kf8 30. Kf5 Ke7 31. b4 h5 32. c4 a6 33. b5 a5
34. b6 Kd7 35. Kxf6 Ke8 36. b7 Kd7 37. b8=Q h4 38. Qd6+ Kc8 39. Qxc6+ Kd8 40.
Ke6 hxg3 41. Qd7# 1-0

[Event "KEM Mitte 2017"]
[Site "?"]
[Date "2017.01.07"]
[Round "4.27"]
[White "Hofmann, Tim"]
[Black "Sargsyan, Arusyak"]
[Result "1-0"]
[WhiteElo "1311"]
[BlackElo "930"]
[PlyCount "151"]
[EventDate "2017.??.??"]
[WhiteTeam "SW Nürnberg Süd"]
[BlackTeam "SW Nürnberg Süd"]

1. d4 d5 2. Bf4 Bf5 3. e3 Nc6 4. Nf3 e6 5. c4 Nb4 6. Na3 Nf6 7. c5 c6 8. Be2 b6
9. cxb6 axb6 10. O-O Bd6 11. Qd2 Ne4 12. Qc1 O-O 13. Ne5 Bxe5 14. Bxe5 f6 15.
Bg3 Qe7 16. Nb1 Ng5 17. Nc3 Nc2 18. Rb1 Nxd4 19. exd4 Bxb1 20. Qxb1 e5 21. dxe5
fxe5 22. Bh4 h6 23. Qc1 Rf4 24. Bg3 Rf5 25. Bg4 Rf6 26. Re1 Nf7 27. a3 d4 28.
Ne4 Rg6 29. Bf5 Rxg3 30. Nxg3 c5 31. f4 Qf6 32. fxe5 Nxe5 33. Qf4 Nf7 34. Re6
Qd8 35. Bg6 Qd7 36. Bxf7+ Qxf7 37. Qxf7+ Kxf7 38. Rxb6 Rd8 39. Ne4 d3 40. Nd2
c4 41. Rc6 Re8 42. Rd6 Re1+ 43. Nf1 Rb1 44. Kf2 Rxb2+ 45. Kf3 Ra2 46. Ne3 Rxa3
47. Nxc4 Rc3 48. Ne5+ Ke7 49. Rxd3 Rxd3+ 50. Nxd3 Kf6 51. Kf4 g5+ 52. Kg4 Kg6
53. Ne5+ Kf6 54. Nd7+ Kg6 55. Nf8+ Kg7 56. Kh5 g4 57. Ne6+ Kh7 58. Kxg4 Kg6 59.
Nf4+ Kf7 60. h4 Kg7 61. Kf5 Kh7 62. Nh5 Kg8 63. Kg6 Kh8 64. Kxh6 Kg8 65. Nf4
Kh8 66. Ng6+ Kg8 67. g4 Kf7 68. g5 Kg8 69. h5 Kf7 70. Nf4 Kg8 71. g6 Kh8 72.
Kg5 Kg7 73. h6+ Kh8 74. Nd5 Kg8 75. Nf6+ Kf8 76. g7+ 1-0

[Event "KEM Mitte 2017"]
[Site "?"]
[Date "2017.01.07"]
[Round "4.28"]
[White "Nerreter, Bernd"]
[Black "Duong, Ba Duc"]
[Result "1-0"]
[WhiteElo "1447"]
[BlackElo "1328"]
[PlyCount "57"]
[EventDate "2017.??.??"]
[WhiteTeam "SC Noris-Tarrasch Nürnberg"]
[BlackTeam "SK Nürnberg"]

1. e4 d5 2. e5 Nc6 3. d4 f6 4. f4 Bf5 5. Nf3 Qd7 6. Nbd2 O-O-O 7. c3 e6 8. Bb5
Nge7 9. Nb3 Ng6 10. Na5 Nge7 11. O-O a6 12. Ba4 b6 13. Nxc6 Nxc6 14. Qe2 Kb7
15. Be3 Ra8 16. Rac1 Qf7 17. c4 Na5 18. cxd5 exd5 19. a3 Qg6 20. Rfd1 Be7 21.
Bc2 Bxc2 22. Rxc2 Nc4 23. Bf2 Qf5 24. g3 h6 25. Rdc1 Rae8 26. b3 Nxa3 27. Rxc7+
Kb8 28. Qxa6 Nb5 29. Qb7# 1-0

[Event "KEM Mitte 2017"]
[Site "?"]
[Date "2017.01.07"]
[Round "5.3"]
[White "Bachhuber, Dominik"]
[Black "Saathoff, Richard"]
[Result "0-1"]
[WhiteElo "1909"]
[BlackElo "2124"]
[PlyCount "54"]
[EventDate "2017.??.??"]
[WhiteTeam "SC JÄKLECHEMIE"]
[BlackTeam "SW Nürnberg Süd"]

1. e4 e5 2. Nf3 Nc6 3. Bb5 f5 4. d3 fxe4 5. dxe4 Nf6 6. Bg5 Bc5 7. O-O d6 8.
Nc3 O-O 9. Na4 Bb6 10. Nxb6 axb6 11. h3 Be6 12. Qe2 Qe8 13. Bc4 Qf7 14. Bxe6
Qxe6 15. a3 h6 16. Bh4 Nh5 17. Nd4 exd4 18. Qxh5 Qxe4 19. Rae1 Qxc2 20. g4 Ra5
21. g5 hxg5 22. Bg3 Qh7 23. Qg4 Qf5 24. Qh5 Ne5 25. Bxe5 Rxe5 26. Rc1 c5 27.
Rce1 Rxe1 0-1

[Event "KEM Mitte 2017"]
[Site "?"]
[Date "2017.01.07"]
[Round "5.4"]
[White "Erlbeck, Peter"]
[Black "Thürauf, Peter"]
[Result "1-0"]
[WhiteElo "2061"]
[BlackElo "1842"]
[PlyCount "51"]
[EventDate "2017.??.??"]
[WhiteTeam "SW Nürnberg Süd"]
[BlackTeam "SW Nürnberg Süd"]

1. e4 c5 2. Nc3 Nc6 3. f4 d6 4. Nf3 e6 5. Bb5 a6 6. Bxc6+ bxc6 7. d3 Be7 8. O-O
d5 9. Qe1 Nf6 10. Ne5 Qc7 11. Bd2 Nd7 12. Nxd7 Bxd7 13. b3 O-O 14. Na4 Rab8 15.
Ba5 Qb7 16. c4 d4 17. Bb6 Bc8 18. e5 Qd7 19. Bxc5 Bxc5 20. Nxc5 Qa7 21. Ne4 a5
22. Qh4 h6 23. Rf3 a4 24. Nf6+ Kh8 25. Rh3 axb3 26. Qg5 1-0

[Event "KEM Mitte 2017"]
[Site "?"]
[Date "2017.01.07"]
[Round "5.5"]
[White "Bolten, Daniel"]
[Black "Konsek, Peter"]
[Result "0-1"]
[WhiteElo "2075"]
[BlackElo "2083"]
[PlyCount "57"]
[EventDate "2017.??.??"]
[WhiteTeam "SW Nürnberg Süd"]
[BlackTeam "SW Nürnberg Süd"]

1. d4 f5 2. Nf3 Nf6 3. c4 g6 4. Nc3 Bg7 5. Bf4 d6 6. Qc2 O-O 7. e3 Nc6 8. a3
Re8 9. Rd1 e6 10. Be2 Qe7 11. d5 e5 12. Bg5 Nd8 13. O-O Nf7 14. b4 Nxg5 15.
Nxg5 e4 16. Nh3 h6 17. Nf4 Qf7 18. Nb5 g5 19. Ne6 Bxe6 20. dxe6 Rxe6 21. c5 d5
22. Nd4 Re5 23. c6 b6 24. f4 exf3 25. Rxf3 Ne4 26. Nxf5 Rxf5 27. Rxd5 Rxf3 28.
Qxe4 Rxe3 29. Qxe3 0-1

[Event "KEM Mitte 2017"]
[Site "?"]
[Date "2017.01.07"]
[Round "5.6"]
[White "Mantel, Ruben"]
[Black "Neumann, Robert"]
[Result "1-0"]
[WhiteElo "1949"]
[BlackElo "1912"]
[PlyCount "127"]
[EventDate "2017.??.??"]
[WhiteTeam "Zabo-Eintracht Nürnberg"]
[BlackTeam "SC Noris-Tarrasch Nürnberg"]

1. e4 c5 2. Nc3 Nc6 3. g3 g6 4. Bg2 Bg7 5. d3 d6 6. Be3 e6 7. Qd2 Rb8 8. Nf3
Nd4 9. Bxd4 cxd4 10. Nb5 Qb6 11. Qb4 Kd7 12. Qa4 Ke7 13. Qb3 Bd7 14. Na3 Qxb3
15. axb3 Nh6 16. h3 Rhc8 17. O-O Bc6 18. Nd2 Rc7 19. b4 a6 20. f4 e5 21. g4 f6
22. Rf2 Bd7 23. Raf1 Be6 24. f5 gxf5 25. exf5 Bf7 26. g5 Ng8 27. h4 d5 28. Nf3
Kd6 29. b5 Rbc8 30. Re1 Re7 31. Nd2 Rec7 32. Bh3 Re7 33. Bg4 Rce8 34. Rfe2 Rc8
35. h5 Rd8 36. g6 hxg6 37. hxg6 Be8 38. bxa6 bxa6 39. c4 dxc3 40. bxc3 Nh6 41.
Bh3 Bd7 42. Rf2 Rb8 43. c4 dxc4 44. Naxc4+ Kc7 45. d4 Ng8 46. dxe5 fxe5 47. Ne4
Nf6 48. Nc5 Bc8 49. Rc2 Kd8 50. Rd1+ Ke8 51. Nd6+ Kf8 52. Nxc8 Rxc8 53. Ne6+
Rxe6 54. Rxc8+ Re8 55. Rxe8+ Kxe8 56. Ra1 Nd7 57. Rxa6 Ke7 58. Ra7 Bf6 59. Kf2
Kd6 60. Ke3 Bg5+ 61. Kf3 Bh6 62. f6 Nxf6 63. Ra6+ Ke7 64. Re6+ 1-0

[Event "KEM Mitte 2017"]
[Site "?"]
[Date "2017.01.07"]
[Round "5.7"]
[White "Süß, Helmut"]
[Black "Leis, Stefan"]
[Result "0-1"]
[WhiteElo "1921"]
[BlackElo "1967"]
[PlyCount "108"]
[EventDate "2017.??.??"]
[WhiteTeam "SC Noris-Tarrasch Nürnberg"]
[BlackTeam "SC Mühlhof-Reichelsdorf"]

1. Nf3 d5 2. d4 Nf6 3. c4 e6 4. Nc3 dxc4 5. Qa4+ c6 6. Qxc4 b5 7. Qd3 a5 8. Bg5
Nbd7 9. e4 b4 10. Bxf6 Qxf6 11. e5 Qg6 12. Qxg6 hxg6 13. Ne4 c5 14. Bb5 cxd4
15. O-O-O Bb7 16. Bxd7+ Kxd7 17. Rxd4+ Kc7 18. Rhd1 Bd5 19. Kb1 Be7 20. Rc1+
Kb6 21. h3 Rac8 22. Rxc8 Rxc8 23. Nfd2 f6 24. exf6 gxf6 25. f3 f5 26. Ng3 Bf6
27. Rd3 Rd8 28. b3 Bh4 29. Nc4+ Ka6 30. f4 Bxg2 31. Rxd8 Bxd8 32. Ne5 Bxh3 33.
Nxg6 Bg2 34. Nf8 Bd5 35. Ne2 Be7 36. Nd7 Be4+ 37. Kc1 Bd6 38. Ne5 Bc5 39. Kd2
Kb5 40. Nd3 Ba7 41. Nec1 Bd4 42. Ne2 Ba1 43. Ng3 Bd5 44. Ne2 a4 45. Ndc1 a3 46.
Nd3 Be4 47. Ng3 Bc3+ 48. Ke3 Bd5 49. Nc1 Bb2 50. Nge2 Kb6 51. Kd3 Kc5 52. Kd2
Bxc1+ 53. Kxc1 Bf3 54. Ng1 Bg4 0-1

[Event "KEM Mitte 2017"]
[Site "?"]
[Date "2017.01.07"]
[Round "5.8"]
[White "Rummel, Gerald"]
[Black "Dyroff, Roland"]
[Result "1-0"]
[WhiteElo "1772"]
[BlackElo "1806"]
[PlyCount "62"]
[EventDate "2017.??.??"]
[WhiteTeam "SC Anderssen"]
[BlackTeam "SW Nürnberg Süd"]

1. Nf3 d5 2. c4 d4 3. b4 g6 4. d3 Bg7 5. g3 e5 6. Bb2 b6 7. Bg2 Bb7 8. O-O Nd7
9. Nbd2 Ne7 10. Qb3 c5 11. b5 O-O 12. a4 Nc8 13. e4 Nd6 14. h3 Bh6 15. Qc2 f5
16. exf5 gxf5 17. Rae1 e4 18. dxe4 fxe4 19. Nxe4 Bxe4 20. Rxe4 Nxe4 21. Qxe4
Rb8 22. Qe6+ Kg7 23. Nh4 Rf6 24. Qg4+ Kh8 25. Re1 Rf7 26. Nf5 Qf6 27. Be4 Re8
28. f3 Ne5 29. Qh5 Bf8 30. Nh4 Nd3 31. Bxd3 Rxe1+ {Rest unleserlich} 1-0